[Event "VIE-ch U07"]
[Site "Ho Chi Minh City"]
[Date "2014.07.17"]
[Round "8"]
[White "Tran, Kiem Gia Hy"]
[Black "Duong, Quang Nhat"]
[Result "0-1"]
[WhiteElo "1402"]
[BlackElo "1378"]
[PlyCount "45"]
[EventDate "2014.07.13"]
[EventType "swiss"]
[EventRounds "9"]
[EventCountry "VIE"]
[SourceTitle "EXT 2016"]
[Source "ChessBase"]
[SourceDate "2015.10.08"]
[SourceVersion "1"]
[SourceVersionDate "2015.10.08"]
[SourceQuality "1"]

1. d4 g6 2. e3 Bg7 3. Nf3 Nf6 4. Bd3 0-0 5. 0-0 d6 6. Nbd2 Nbd7 7. b3 Re8 8. Bb2 e5 9. Rc1 e4 10. Bxe4 Nxe4 11. Re1 Nxd2 12. Qxd2 c5 13. c3 Nb6 14. c4 Bg4 15. Qe2 cxd4 16. Rcd1 Be5 17. h3 Bxf3 18. Qxf3 d5 19. exd4 Bc7 20. Rxe8+ Qxe8 21. cxd5 Qd7 22. d6 Bxd6 23. d5 0-1